Personnages dans High School Musical - Statistiques

Statistiques générales
  • Ce quiz a été pris 1 233 fois
  • Le résultat moyen est 6 sur 17
Statistiques - réponses
Hint Réponse % Correct
Bolton (fils) Troy
99%
Montez Gabriella
98%
Evans (fille) Sharpay
95%
Evans (garçon) Ryan
68%
Danforth Chad
66%
Mckessie Taylor
47%
Mme (professeur) Darbus
45%
Nielsen Kelsi
29%
Cox Martha
19%
Cross Jason
13%
Baylor Zeke
10%
Bolton (père) Jack
9%
Gold Tiara
9%
Bolton (mère) Lucille
5%
Zara Jimmie
4%
Evans (mère) Darbie
3%
Evans (père) Vance
3%
Aucun quiz correspondant
Distribution des résultats
% des personnes avec chaque résultat
Percentile par nombre de réponses
Votre historique - résultats
Vous n’avez pas pris ce quiz